IFM Opac

Contemporary Auditing: (Record no. 22086)

MARC details
000 -LEADER
fixed length control field 00370nam a22001457a 4500
020 ## - INTERNATIONAL STANDARD BOOK NUMBER
ISBN 978-0-357-51540-2
082 ## - DEWEY DECIMAL CLASSIFICATION NUMBER
Classification number 657.45
Item number
100 ## - MAIN ENTRY--AUTHOR NAME
Personal name Knapp, Michael C
245 ## - TITLE STATEMENT
Title Contemporary Auditing:
Sub Title Real Issues and Cases
250 ## - EDITION STATEMENT
Edition statement 12th
260 ## - PUBLICATION, DISTRIBUTION, ETC. (IMPRINT)
Place of publication Boston:
Name of publisher Cengage Learning,
Year of publication 2022
300 ## - PHYSICAL DESCRIPTION
Number of Pages xxi, 675p.: ill.; 26cm
500 ## - GENERAL NOTE
General note Include Index
942 ## - ADDED ENTRY ELEMENTS (KOHA)
Koha item type Books
Holdings
Withdrawn status Lost status Damaged status Not for loan Collection code Permanent Location Current Location Shelving location Date acquired Source of acquisition Full call number Accession Number Price effective from Koha item type
        Non-fiction IFM Main Campus Library IFM Main Campus Library Work Room processing 03/14/2025 Purchase 657.45 KNA 0000030595 03/14/2025 Books
        Non-fiction IFM Main Campus Library IFM Main Campus Library Work Room processing 03/14/2025 Purchase 657.45 KNA 0000030594 03/14/2025 Books
        Non-fiction IFM Main Campus Library IFM Main Campus Library Work Room processing 03/14/2025 Purchase 657.45 KNA 0000030593 03/14/2025 Books